| 000 -LEADER |
| fixed length control field |
00288nam a2200133Ia 4500 |
| 008 - FIXED-LENGTH DATA ELEMENTS--GENERAL INFORMATION |
| fixed length control field |
200302s9999 xx 000 0 und d |
| 020 ## - INTERNATIONAL STANDARD BOOK NUMBER |
| International Standard Book Number |
978026260023 |
| 100 ## - MAIN ENTRY--PERSONAL NAME |
| Personal name |
Alan B Jacobs |
| 245 ## - TITLE STATEMENT |
| Title |
Great streets |
| 260 ## - PUBLICATION, DISTRIBUTION, ETC. (IMPRINT) |
| Name of publisher, distributor, etc |
MIT Press |
| Date of publication, distribution, etc |
1995 |
| 260 ## - PUBLICATION, DISTRIBUTION, ETC. (IMPRINT) |
| Date of publication, distribution, etc |
1978 |
| 300 ## - PHYSICAL DESCRIPTION |
| Extent |
185 |
| 942 ## - ADDED ENTRY ELEMENTS (KOHA) |
| Source of classification or shelving scheme |
|